header

Wild politics (Record no. 6960)

MARC details
000 -LEADER
fixed length control field 01290nam a2200349 a 4500
001 - CONTROL NUMBER
control field ebr10273670
003 - CONTROL NUMBER IDENTIFIER
control field CaPaEBR
006 - FIXED-LENGTH DATA ELEMENTS--ADDITIONAL MATERIAL CHARACTERISTICS--GENERAL INFORMATION
fixed length control field m u
007 - PHYSICAL DESCRIPTION FIXED FIELD--GENERAL INFORMATION
fixed length control field cr cn|||||||||
008 - FIXED-LENGTH DATA ELEMENTS--GENERAL INFORMATION
fixed length control field 021018s2002 at a sb 001 0 eng d
010 ## - LIBRARY OF CONGRESS CONTROL NUMBER
Canceled/invalid LC control number 2002491292
020 ## - INTERNATIONAL STANDARD BOOK NUMBER
Cancelled/invalid ISBN 9781876756246
Cancelled/invalid ISBN 9781742192222
Cancelled/invalid ISBN 1876756241 (pbk.)
040 ## - CATALOGING SOURCE
Original cataloging agency CaPaEBR
Transcribing agency CaPaEBR
035 ## - SYSTEM CONTROL NUMBER
System control number (OCoLC)317366948
050 14 - LIBRARY OF CONGRESS CALL NUMBER
Classification number HQ1190
Item number .H393 2002eb
100 1# - MAIN ENTRY--PERSONAL NAME
Personal name Hawthorne, Susan,
Dates associated with a name 1951-
245 10 - TITLE STATEMENT
Title Wild politics
Medium [electronic resource] :
Remainder of title feminism, globalisation, bio/diversity /
Statement of responsibility, etc Susan Hawthorne.
260 ## - PUBLICATION, DISTRIBUTION, ETC. (IMPRINT)
Place of publication, distribution, etc North Melbourne, Vic. :
Name of publisher, distributor, etc Spinifex,
Date of publication, distribution, etc 2002.
300 ## - PHYSICAL DESCRIPTION
Extent xv, 462 p. :
Other physical details ill.
504 ## - BIBLIOGRAPHY, ETC. NOTE
Bibliography, etc Includes bibliographical references (p. 392-442) and index.
533 ## - REPRODUCTION NOTE
Type of reproduction Electronic reproduction.
Place of reproduction Palo Alto, Calif. :
Agency responsible for reproduction ebrary,
Date of reproduction 2013.
Note about reproduction Available via World Wide Web.
-- Access may be limited to ebrary affiliated libraries.
650 #0 - SUBJECT ADDED ENTRY--TOPICAL TERM
Topical term or geographic name as entry element Feminist theory.
Topical term or geographic name as entry element Feminist economics.
Topical term or geographic name as entry element Ecofeminism.
Topical term or geographic name as entry element Globalization.
Topical term or geographic name as entry element Biodiversity.
655 #7 - INDEX TERM--GENRE/FORM
Genre/form data or focus term Electronic books.
Source of term local
710 2# - ADDED ENTRY--CORPORATE NAME
Corporate name or jurisdiction name as entry element ebrary, Inc.
856 40 - ELECTRONIC LOCATION AND ACCESS
Uniform Resource Identifier <a href="http://site.ebrary.com/lib/rucke/Doc?id=10273670">http://site.ebrary.com/lib/rucke/Doc?id=10273670</a>
Public note An electronic book accessible through the World Wide Web; click to view

No items available.

© 2026 Rongo University
Contact us: librarian | system librarian | Rongo university